| 000 | 01475cam a22003135a 4500 | ||
|---|---|---|---|
| 001 | 19410249 | ||
| 005 | 20171119104126.0 | ||
| 008 | 161216s2017 ilua frb 001 0 eng d | ||
| 020 | _a9780838914564 | ||
| 040 |
_aDLC _beng _cDLC _dEG-ScBUE |
||
| 082 | 0 | 4 |
_222 _a020.922 _bBEN |
| 100 | 1 | _aBenjes-Small, Candice M. | |
| 245 | 1 | 4 |
_aThe new instruction librarian : _ba workbook for trainers and learners / _cCandice Benjes-Small and Rebecca K. Miller. |
| 260 |
_aChicago : _bALA Editions, an imprint of the American Library Association, _c2017. |
||
| 300 |
_axviii, 237 p. : _bill. ; _c24 cm. |
||
| 504 | _aIncludes bibliographical references and index. | ||
| 505 | 0 | _aIdentifying as an instruction librarian -- Laying the groundwork -- The many hats we wear -- Colleague -- Instructional designer -- Teacher -- Teaching partner -- Advocate -- Project manager -- Coordinator -- Learner -- Observation -- Performance evaluation and management -- Tools and templates. | |
| 650 | 7 |
_aInstruction librarians _xTraining of. _2BUEsh |
|
| 650 | 7 |
_aLibrary orientation. _2BUEsh |
|
| 650 | 7 |
_aInformation literacy _xStudy and teaching. _2BUEsh _941209 |
|
| 650 | 7 |
_aAcademic librarians _xTraining of. _2BUEsh |
|
| 650 | 0 |
_aLibrary orientation for college students. _2BUEsh |
|
| 650 | 0 |
_aInformation literacy _xStudy and teaching (Higher). _2BUEsh |
|
| 651 | _2BUEsh | ||
| 653 |
_bGGEN _cNovember2017 |
||
| 655 |
_vReading book _934232 |
||
| 700 | 1 | _aMiller, Rebecca K. | |
| 942 | _2ddc | ||
| 999 |
_c25602 _d25574 |
||